Improving large taxpayers' compliance <a> review of country experience

Gespeichert in:
Bibliographische Detailangaben
1. Verfasser: Baer, Katherine
Format: Buch
Sprache:Englisch
Veröffentlicht: Washington, D.C. IMF 2002
Schriftenreihe:Occasional paper 215
Schlagworte:
Tags: Tag hinzufügen
Keine Tags, Fügen Sie das erste Tag hinzu!

MARC

LEADER 00000nam$a2200000$$$4500
001 0006650
005 20240306135231.5
020 |a 1-58906-118-7 
041 0 |a eng 
044 |a US 
245 1 0 |a Improving large taxpayers' compliance  |b <a> review of country experience  |c by a staff team led by Katherine Baer 
264 1 |a Washington, D.C.  |b IMF  |c 2002 
300 |a 59 s. 
490 1 |a Occasional paper  |v 215 
830 0 |a Occasional paper  |v 215 
610 2 0 |a daňovníci 
610 2 0 |a správa daňová 
610 2 0 |a krajiny rozvojové 
610 2 0 |a Medzinárodný menový fond 
610 2 0 |a porovnanie medzinárodné 
610 2 0 |a LTU 
100 1 |a Baer, Katherine